Street Fighter 6 Characters - Statistics

General Stats
  • This quiz has been taken 41 times
  • The average score is 19 of 27
Answer Stats
Answer % Correct
Ryu
100%
Ken
97%
Chun-Li
94%
Blanka
90%
M. Bison
87%
E. Honda
84%
Zangief
81%
Akuma
77%
Cammy
77%
Dhalsim
74%
Luke
74%
Sagat
74%
Guile
68%
Juri
68%
A.K.I.
65%
Rashid
65%
ED
61%
Jamie
61%
JP
61%
Marisa
61%
Kimberly
58%
Mai
58%
Manon
58%
Dee Jay
55%
Elena
55%
Terry
55%
Lily
52%
No matching quizzes found
Score Distribution
Percent of People with Each Score
Percentile by Number Answered
Your Score History
You have not taken this quiz